[Event "Tourn. n9301"]
[Site "www.chess-mail.com"]
[Date "2017.05.18"]
[Round "1"]
[White "Roohbakhsh"]
[Black "Comrade"]
[WhiteElo "2230"]
[BlackElo "2240"]
[Result "0-1"]
[Round "1"]
1.d4 d5
2.c4 dxc4
3.Ng1f3 e6
4.e3 Ng8f6
5.Bf1xc4 c5
6.O-O Nb8c6
7.Qd1e2 cxd4
8.exd4 Bf8e7
9.Rf1d1 O-O
10.Bc1g5 Qd8b6
11.Nb1c3 h6
12.Bg5h4 Rf8e8
13.Bh4g3 Bc8d7
14.Nf3e5 Ra8d8
15.d5 exd5
16.Nc3xd5 Nf6xd5
17.Bc4xd5 Nc6xe5
18.Qe2xe5 Be7f6
19.Qe5c7 Qb6xc7
20.Bg3xc7 Rd8c8
21.Bd5xf7 Kxf7
22.Rd1xd7 Re8e7
23.Rd7xe7 Kxe7
24.Ra1e1 Kd7
25.Bc7a5 Bf6xb2
26.Ba5b4 Bb2f6
27.g3 Rc8c2
28.a3 b6
29.Re1d1 Kc6
30.Rd1d6 Kb5
31.Rd6d7 a5
32.Bb4d2 Ka4
33.Bd2e3 Kxa3
34.Be3xb6 a4
{ resign }
0-1

[Event "Tourn. n9340"]
[Site "www.chess-mail.com"]
[Date "2017.05.18"]
[Round "1"]
[White "Wwgia"]
[Black "Roque1"]
[WhiteElo "1900"]
[BlackElo "1870"]
[Result "0-1"]
[Round "1"]
1.d4 d5
2.c4 e6
3.Nb1c3 Bf8b4
4.Ng1f3 Nb8c6
5.Bc1g5 Ng8e7
6.e3 Bc8d7
7.Ra1c1 O-O
8.Bf1e2 Nc6a5
9.c5 b6
10.a3 Bb4xc3
11.bxc3 b5
12.O-O a6
 { time }
0-1

[Event "Tourn. n9357"]
[Site "www.chess-mail.com"]
[Date "2017.05.18"]
[Round "1"]
[White "Cjood"]
[Black "Griffo30"]
[WhiteElo "1980"]
[BlackElo "2020"]
[Result "1-0"]
[Round "1"]
1.e4 e6
2.Ng1f3 d5
3.exd5 exd5
4.d4 Bf8d6
5.g3 Ng8e7
6.c4 O-O
7.c5 Bd6xc5
8.dxc5 Rf8e8
9.Bf1e2 Bc8h3
10.Nf3g5 Qd8d7
11.g4 Bh3g2
12.Rh1g1 Bg2e4
13.Ng5xe4 dxe4
14.Qd1xd7 Nb8xd7
15.Bc1e3 Ne7d5
16.Be3d2 e3
17.fxe3 Nd5xe3
18.b4 Ne3c2
19.Kd1 Nc2xa1
20.Nb1c3 a5
21.Nc3d5 Re8c8
22.Nd5e7 Kf8
23.Ne7xc8 Ra8xc8
24.bxa5 Nd7xc5
25.Bd2b4 b6
26.Kd2 Ke8
27.Bb4xc5 bxc5
28.Rg1xa1 Kd7
29.g5 Kd6
30.Ra1f1 Rc8f8
31.h4 Ke7
32.a6 Rf8a8
33.Be2d3 g6
34.Bd3b5 { resign }
1-0

[Event "Tourn. n9323"]
[Site "www.chess-mail.com"]
[Date "2017.05.18"]
[Round "1"]
[White "Claymil"]
[Black "Wwgia"]
[WhiteElo "1979"]
[BlackElo "1900"]
[Result "1-0"]
[Round "1"]
1.c4 e5
2.Nb1c3 Ng8f6
3.g3 d5
4.cxd5 Nf6xd5
5.Bf1g2 Nd5xc3
6.bxc3 Nb8c6
7.Qd1c2 Bf8e7
8.e3 Bc8e6
9.Ng1e2 O-O
10.O-O Qd8d7
11.d4 a6
12.Rf1d1 exd4
13.cxd4 Be6h3
14.Ne2f4 Bh3xg2
15.Kxg2 Ra8d8
16.Qc2b3 b6
17.Bc1b2 Be7d6
18.Nf4d3 Nc6e7
19.Ra1c1 Qd7f5
20.Nd3f4 g5
21.Nf4d3 h5
22.Nd3e5  { time }
1-0

[Event "Tourn. n9367"]
[Site "www.chess-mail.com"]
[Date "2017.05.18"]
[Round "1"]
[White "Pachi"]
[Black "Motorhead99"]
[WhiteElo "1560"]
[BlackElo "1599"]
[Result "0-1"]
[Round "1"]
1.e4 e5
2.Qd1h5 Nb8c6
3.Bf1b5 Ng8f6
4.Qh5e2 Nc6d4
5.Qe2f1 Nd4xc2
6.Kd1 Nc2xa1
7.Qf1d3 Nf6g4
8.Ng1h3 c6
9.Bb5c4 Bf8e7
10.f3 Ng4f6
11.Nh3g5 d5
12.exd5 cxd5
13.Bc4b5 Bc8d7
14.a4 a6
15.Bb5xd7 Qd8xd7
16.b3 h6
17.Ng5h3 Ra8c8
18.Bc1b2 Qd7c6
19.Ke2 e4
20.Qd3c3 exf3
21.gxf3 O-O
22.Bb2xa1 Rf8e8
23.Kf1 Be7c5
24.Nh3f4 d4
25.Qc3c4 b5
26.axb5 Qc6xf3
27.Kg1 Re8e1
28.Qc4f1 Re1xf1

0-1

[Event "Tourn. n9335"]
[Site "www.chess-mail.com"]
[Date "2017.05.18"]
[Round "1"]
[White "Pdebonis"]
[Black "Tartan"]
[WhiteElo "2640"]
[BlackElo "2470"]
[Result "1-0"]
[Round "1"]
1.e4 c5
2.Ng1f3 e6
3.d4 cxd4
4.Nf3xd4 Nb8c6
5.Nb1c3 a6
6.Bf1e2 Ng8e7
7.Bc1g5 Qd8a5
8.Bg5f4 Nc6xd4
9.Qd1xd4 Ne7c6
10.Qd4d2 b5
11.O-O b4
12.Nc3d5 exd5
13.exd5 Nc6a7
14.d6  { time }
1-0

[Event "Tourn. n9317"]
[Site "www.chess-mail.com"]
[Date "2017.05.18"]
[Round "1"]
[White "Llcervello"]
[Black "Cal"]
[WhiteElo "1580"]
[BlackElo "1700"]
[Result "0-1"]
[Round "1"]
1.e4 e5
2.f3 a6
3.c4 c5
4.d3 d6
5.Nb1c3 h6
6.a4 Bc8d7
7.Nc3d5 Ng8f6
8.Nd5xf6 Qd8xf6
9.g4 Nb8c6
10.Ra1a3 Nc6b4
11.Ra3b3 a5
12.Ng1h3 Qf6h4
13.Nh3f2 Bf8e7
14.Ke2 O-O
15.Bf1h3 h5
16.Qd1g1 Bd7xa4
17.Rb3a3 b5
18.g5 g6
19.Bh3d7 Nb4c2
20.Ra3xa4 bxa4
21.Bd7xa4 Nc2d4
22.Kf1 Nd4xf3
23.Qg1g3 Qh4xg3
24.hxg3 Be7xg5
25.Bc1xg5 Nf3xg5
26.Kg2 f5
27.Ba4c6 Ra8b8
28.Bc6d5 Kg7
29.Rh1a1 f4
30.gxf4 exf4
31.Ra1xa5 Rb8xb2
32.Ra5a7 Kh6
33.Ra7d7 f3
34.Kg3 Ng5h7
35.Rd7xd6 Nh7g5
36.e5 h4
37.Kg4 Rb2xf2
38.Rd6f6 Rf8xf6
39.exf6 h3
40.f7 Ng5xf7
41.Bd5xf7 h2
42.Kg3 Rf2g2
43.Kxf3 h1Q
44.Ke4 Rg2g5
45.Kf4 Qh1f1
{ resign }
0-1

[Event "Tourn. n9367"]
[Site "www.chess-mail.com"]
[Date "2017.05.18"]
[Round "1"]
[White "Azulmarino"]
[Black "Motorhead99"]
[WhiteElo "1560"]
[BlackElo "1829"]
[Result "0-1"]
[Round "1"]
1.e4 e5
2.Ng1f3 Nb8c6
3.Nb1c3 Ng8f6
4.Bf1c4 Bf8c5
5.h3 h6
6.d3 d6
7.a3 a6
8.Bc4d5 Nf6xd5
9.Nc3xd5 Bc8e6
10.Nd5c3 b5
11.b4 Bc5b6
12.Bc1b2 O-O
13.Qd1e2 f5
14.O-O f4
15.Qe2d2 Nc6d4
16.Nc3e2 Nd4xf3
17.gxf3 Be6xh3
18.Kh2 Bh3xf1
19.Ra1xf1 Qd8h4
20.Kg2 Rf8f6
21.Rf1h1 Rf6g6
22.Ne2g3 Rg6xg3
23.fxg3 Qh4xg3
24.Kf1 Qg3xf3
25.Ke1 Qf3xh1
26.Ke2 f3
{ resign }
0-1

[Event "Tourn. n9386"]
[Site "www.chess-mail.com"]
[Date "2017.05.18"]
[Round "1"]
[White "Cjood"]
[Black "Bojan"]
[WhiteElo "1950"]
[BlackElo "1990"]
[Result "1-0"]
[Round "1"]
1.c4 g6
2.d4 c6
3.b4 Bf8g7
4.Ng1f3 d5
5.c5 b6
6.Bc1f4 Bc8a6
7.Nb1c3 Ng8f6
8.h3 Nb8d7
9.Qd1c2 Nf6h5
10.Bf4h2 Ba6c4
11.Ra1b1 b5
12.g4 Nh5f6
13.Bf1g2 a5
14.a3 axb4
15.axb4 Ra8a6
16.O-O h6
17.Rf1e1 Nf6h7
18.e4 e6
19.Bh2d6 Nd7f6
20.e5 Nf6d7
21.h4 Qd8a8
22.Qc2b2 Nd7b8
23.Rb1a1 Qa8b7
24.Bd6xb8 Ra6xa1
25.Re1xa1 Qb7xb8
26.Ra1a6 Qb8b7
27.Qb2a3 O-O
28.Ra6a7 Qb7c8
29.Bg2h3 Rf8d8
30.g5 Rd8d7
31.Ra7a8 Rd7d8
32.Ra8xc8 Rd8xc8
33.Qa3a6 { resign }
1-0

[Event "Tourn. n9346"]
[Site "www.chess-mail.com"]
[Date "2017.05.18"]
[Round "1"]
[White "Cal"]
[Black "Quaff"]
[WhiteElo "1700"]
[BlackElo "1539"]
[Result "0-1"]
[Round "1"]
1.c4 e5
2.e4 h6
3.a3 Ng8f6
4.d3 Bf8e7
5.h3 Nb8c6
6.Ng1f3 d6
7.Nb1c3 a6
8.Bf1e2 Nf6h7
9.O-O Be7g5
10.Bc1xg5 Nh7xg5
11.Nf3h4 Ng5xe4
12.Nc3xe4 Qd8xh4
13.Ne4g3 Nc6d4
14.Ng3e4 O-O
15.Ne4g3 f5
16.Be2h5 f4
17.Ng3e4 f3
18.Bh5xf3 Nd4xf3
19.gxf3 Qh4xh3
20.Ne4g3 Bc8f5
21.Ng3xf5 Rf8xf5
22.b4 Rf5xf3
23.Qd1e2 Qh3g4
24.Kh1 Rf3h3
{ resign }
0-1

[Event "Tourn. n9291"]
[Site "www.chess-mail.com"]
[Date "2017.05.18"]
[Round "1"]
[White "Abuelo"]
[Black "Julian"]
[WhiteElo "2150"]
[BlackElo "2010"]
[Result "1-0"]
[Round "1"]
1.e4 c5
2.Bf1c4 e6
3.Nb1c3 a6
4.a4 d6
5.Ng1f3 Nb8c6
6.O-O Ng8f6
7.d3 Bf8e7
8.Qd1e2 O-O
9.h3 Ra8b8
10.Bc1e3 Bc8d7
11.Be3f4 Nc6d4
12.Nf3xd4 cxd4
13.Nc3d1 e5
14.Bf4g5 Bd7e6
15.Bc4xe6 fxe6
16.b3 b5
17.axb5 axb5
18.Nd1b2 d5
19.Bg5xf6 Rf8xf6
20.Qe2h5 dxe4
21.dxe4 Qd8e8
22.Qh5xe5  { time }
1-0

[Event "Match"]
[Site "www.echecsemail.com"]
[Date "2017.05.18"]
[Round "1"]
[White "Mitja"]
[Black "Bojan"]
[WhiteElo "1990"]
[BlackElo "1980"]
[Result "1-0"]
[Round "1"]
1.d4 e6
2.e3 c5
3.dxc5 Bf8xc5
4.c3 d5
5.h3 a6
6.Nb1d2 Bc8d7
7.Nd2b3 Bc5b6
8.Ng1f3 Bd7a4
9.Qd1d2 Ng8f6
10.Bf1e2 Nf6e4
11.Qd2d3 f6
12.Nf3d2 Ne4c5
13.Nb3xc5 Bb6xc5
14.Nd2b3 Bc5b6
15.Nb3d4 Qd8d6
16.b3 Ba4d7
17.Bc1b2 g6
18.Be2f3 Qd6e7
19.Nd4c2 Nb8c6
20.c4 Nc6e5
21.Bb2xe5 fxe5
22.cxd5 Ra8d8
23.dxe6 Qe7xe6
24.Qd3c3 Rd8c8
25.Qc3b2 Bd7b5
26.Bf3xb7 Rc8c7
27.Bb7f3 O-O
28.Ra1d1 Qe6f5
29.Nc2b4 a5
30.Nb4d5 Rc7b7
31.Nd5xb6 Rb7xb6
32.Bf3d5 Kg7
33.f4 Rf8e8
34.g4 Qf5f6
35.g5 Qf6e7
36.Kf2 Kf8
37.h4 Qe7c7
38.Rd1c1 Qc7b8
39.Kg3 Bb5d3
40.Bd5c4 Bd3f5
41.Rc1f1 a4
42.Qb2a3 Kg7
43.Qa3c5 exf4
44.exf4 Bf5e6
45.Rf1e1 axb3
46.axb3 Qb8a7
47.Qc5d4 Kg8
48.Re1e3 Be6xc4
49.Re3xe8 Kf7
50.Qd4xc4 Kxe8
51.Rh1e1 Kf8
52.Qc4c5 Kg8
53.Re1e8 Kf7
54.Qc5f8 { resign }
1-0

[Event "Match"]
[Site "www.echecsemail.com"]
[Date "2017.05.18"]
[Round "1"]
[White "Billyg"]
[Black "Sonny1000"]
[WhiteElo "1690"]
[BlackElo "1400"]
[Result "1-0"]
[Round "1"]
1.e4 e5
2.a3 g5
3.Ng1f3 f6
4.d4 Nb8c6
5.d5 Nc6a5
6.Bc1d2 b6
7.Nb1c3 d6
8.Bf1b5 Bc8d7
9.Bb5xd7 Qd8xd7
10.O-O Qd7g4
11.h3 Qg4d7
12.Qd1e2 g4
13.hxg4 Bf8h6
14.Bd2xh6 Ng8xh6
15.Ra1d1 Nh6xg4
16.Qe2b5 Qd7xb5
17.Nc3xb5 Kd7
18.Nf3d2 c5
19.b4 Na5b7
20.bxc5 Nb7xc5
21.Rf1e1 Ra8e8
22.Nb5xa7 Re8a8
23.Na7b5 Ra8a4
24.Rd1b1 Rh8a8
25.f3 Ng4h6
26.Rb1a1 f5
27.exf5 Nh6xf5
28.Nb5c3 Ra4a5
29.Nd2c4 Ra5a6
30.Nc3b5 h5
31.g4 hxg4
32.fxg4 Ra8g8
33.Nc4e3 Nf5d4
34.Nb5xd4 exd4
35.Ne3f5 Rg8xg4
36.Kh2 Rg4e4
37.Re1g1 Ra6a4
38.Rg1g7 Ke8
39.Nf5xd6 { resign }
1-0

[Event "Match"]
[Site "www.echecsemail.com"]
[Date "2017.05.18"]
[Round "1"]
[White "Carazo"]
[Black "Ledzepp"]
[WhiteElo "1610"]
[BlackElo "1480"]
[Result "0-1"]
[Round "1"]
1.b4 e5
2.Bc1b2 d6
3.e4 d5
4.exd5 Qd8xd5
5.Nb1c3 Qd5e6
6.Bf1b5 c6
7.Bb5e2 Bf8xb4
8.Nc3e4 Qe6g6
9.Be2f3 Ng8e7
10.Bb2xe5 O-O
11.c3 Bb4a3
12.g3 Nb8d7
13.Be5d6 Qg6e6
14.Qd1c2 Nd7e5
15.Bd6xa3 Qe6f5
16.O-O-O Ne5xf3
17.Ne4d6 Qf5a5
18.Ba3b4 Qa5h5
19.Ng1xf3 Qh5xf3
20.d4 Ne7d5
21.Rh1e1 Nd5xb4
22.cxb4 Bc8g4
23.Rd1d3 Qf3d5
24.Nd6xb7 Bg4f5
25.Re1e5 Bf5xd3
26.Qc2xd3 Qd5h1
27.Kd2 Qh1xh2
28.Ke2 Qh2h6
29.Nb7c5 a5
30.Nc5d7 Rf8d8
31.Nd7c5 axb4
32.Nc5b7 Ra8xa2
33.Kf3 Ra2a3
{ resign }
0-1

[Event "Match"]
[Site "www.echecsemail.com"]
[Date "2017.05.18"]
[Round "1"]
[White "Irene"]
[Black "Juodivarnai"]
[WhiteElo "2150"]
[BlackElo "2140"]
[Result "1-0"]
[Round "1"]
1.d4 d5
2.Ng1f3 Ng8f6
3.g3 e6
4.e3 c5
5.dxc5 Bf8xc5
6.Bf1b5 Nb8c6
7.b3 O-O
8.O-O Bc8d7
9.Bc1b2 a6
10.Bb5d3 b5
11.Nb1d2 Ra8c8
12.Ra1c1 Nc6b4
13.a3 Nb4xd3
14.cxd3 Qd8e7
15.b4 Bc5d6
16.Nd2b3 Rc8xc1
17.Qd1xc1 Rf8c8
18.Qc1a1 h6
19.Rf1c1 Rc8xc1
20.Qa1xc1 Qe7d8
21.Nb3a5 Bd6c7
22.Na5b7 Qd8b8
23.Nb7c5 Bd7c8
24.Nf3d4 Bc7e5
25.Nd4c6 Be5xb2
26.Qc1xb2 Qb8c7
27.Nc6d4 Nf6d7
28.Qb2c3 Nd7f6
29.Nd4e2 Bc8b7
30.Nc5xb7 Qc7xb7
31.Ne2d4 Nf6d7
32.Qc3c6 Qb7xc6
33.Nd4xc6 Kf8
34.Nc6a5 Ke7
35.Na5b3 f6
36.Nb3c5 Nd7b8
37.Kg2 e5
38.Kf3 Kd6
39.Kg4 g6
40.f4 f5
41.Kf3 e4
42.Ke2 a5
43.Nc5b7 Kc7
44.Nb7xa5 Nb8d7
45.d4 Nd7b6
46.Kd2 Nb6c4
47.Na5xc4 dxc4
48.Kc3 Kc6
49.a4 g5
50.axb5 Kxb5
51.d5 g4
52.d6 { resign }
1-0

[Event "Match"]
[Site "www.echecsemail.com"]
[Date "2017.05.18"]
[Round "1"]
[White "Llord"]
[Black "Orae"]
[WhiteElo "2040"]
[BlackElo "1760"]
[Result "0-1"]
[Round "1"]
1.e4 e5
2.Ng1f3 Nb8c6
3.Bf1c4 h6
4.O-O b6
5.Bc4b3 Bc8b7
6.d3 Qd8f6
7.Nb1c3 O-O-O
8.Bc1e3 Bf8b4
9.Be3d2 Bb4xc3
10.Bd2xc3 Ng8e7
11.h3 Bb7a6
12.Rf1e1 Ne7g6
13.d4 Ng6f4
14.dxe5 Qf6g6
15.Nf3h4 Qg6g5
16.Qd1g4 Qg5xg4
17.hxg4 Rh8f8
18.Nh4f5 Nf4e6
19.g3 Ne6g5
20.Kg2 Rd8e8
21.Nf5xg7 Re8e7
22.Ng7f5 Re7e8
23.Nf5g7 Re8d8
24.Ng7f5 Rf8h8
25.f4 Ng5h7
26.e6 dxe6
27.Nf5e3 Rh8g8
28.Kf3 Ba6b7
29.f5 Nh7g5
30.Kg2 Ng5xe4
31.fxe6 Nc6e7
32.exf7 Ne4g5
33.Kh2 Ng5f3
34.Kh3 Rg8f8
35.Re1f1 Nf3g5
36.Kh4 Bb7f3
37.Bc3f6 Rd8d2
38.Bf6xe7 Rd2h2

0-1

[Event "Match"]
[Site "www.echecsemail.com"]
[Date "2017.05.18"]
[Round "1"]
[White "Carazo"]
[Black "Claymil"]
[WhiteElo "1680"]
[BlackElo "1499"]
[Result "0-1"]
[Round "1"]
1.e4 c5
2.Ng1f3 Nb8c6
3.Nb1c3 g6
4.b3 Bf8g7
5.Bc1b2 e6
6.Qd1e2 Ng8e7
7.Nc3a4 Bg7xb2
8.Na4xb2 O-O
9.g3 d5
10.d3 d4
11.Bf1g2 b6
12.O-O Bc8b7
13.Nb2c4 f6
14.a3 b5
15.Nc4b2 a5
16.c4 bxc4
17.Nb2xc4 e5
18.Bg2h3 g5
19.Bh3e6 Kg7
20.Be6g4 Kg6
21.Nf3d2 Rf8h8
22.Bg4h5 Kg7
23.Qe2g4 Bb7c8
24.Qg4f3 Ne7g6
25.Bh5xg6 Kxg6
26.Kg2 h5
27.Qf3e2 Ra8b8
28.Rf1h1 Bc8e6
29.h4 Be6g4
30.f3 Bg4e6
31.f4 exf4
32.e5 Qd8d5
33.Kh2 Be6g4
34.Qe2e1 fxg3
35.Qe1xg3 Nc6xe5
36.Nd2e4 Ne5f3
37.Kg2 Nf3xh4
38.Kf1 Rb8xb3
39.Nc4d2 Qd5f5
40.Ke1 Rh8e8
41.Nd2xb3 a4
42.Nb3d2 Qf5d5
43.Ra1c1 f5
44.Rc1c4 fxe4
45.Kf1 e3
46.Nd2e4 Re8xe4
47.Rh1h2 Re4f4
48.Ke1 Nh4f3
49.Kf1 Nf3xh2
{ resign }
0-1

[Event "Match"]
[Site "www.echecsemail.com"]
[Date "2017.05.18"]
[Round "1"]
[White "Claymil"]
[Black "86eamon"]
[WhiteElo "2050"]
[BlackElo "1539"]
[Result "1-0"]
[Round "1"]
1.c4 b6
2.Nb1c3 Bc8a6
3.b3 c5
4.Ng1f3 g6
5.g3 Ba6b7
6.Bf1g2 Nb8c6
7.O-O h5
8.e3 e5
9.Nf3xe5 Nc6xe5
10.Bg2xb7 Ra8b8
11.Bb7g2 Qd8f6
12.d4 cxd4
13.exd4 Ne5g4
14.h3 Ng4h6
15.Rf1e1 Ng8e7
16.Nc3d5 Qf6f5
17.Re1e5 Qf5xe5
18.dxe5 Ne7xd5
19.Qd1xd5 d6
20.exd6 Rb8d8
21.Bc1f4 Bf8xd6
22.Bf4xd6 Rd8xd6
23.Qd5xd6 Nh6g4
24.Bg2c6 { resign }
1-0

[Event "Match"]
[Site "www.echecsemail.com"]
[Date "2017.05.18"]
[Round "1"]
[White "Micheles"]
[Black "Cjood"]
[WhiteElo "2540"]
[BlackElo "1669"]
[Result "1-0"]
[Round "1"]
1.d4 f5
2.Ng1f3 d6
3.g3 Ng8f6
4.Bf1g2 e6
5.O-O Qd8d7
6.c4 Nb8c6
7.d5 Nc6e5
8.Nf3d4 exd5
9.cxd5 c5
10.Nd4e6 Qd7f7
11.Qd1b3 a6
12.Nb1c3 c4
13.Qb3a4 Ke7
14.Qa4b4 Ra8b8
15.f4 Ne5g6
16.Qb4xc4 Bc8xe6
17.dxe6 Qf7xe6
18.Qc4c7 Nf6d7
19.Rf1f3 Kf6
20.Rf3e3 Qe6f7
21.Nc3d5 { resign }
1-0

[Event "Match"]
[Site "www.echecsemail.com"]
[Date "2017.05.18"]
[Round "1"]
[White "Chapi"]
[Black "Motorhead99"]
[WhiteElo "2130"]
[BlackElo "1750"]
[Result "1-0"]
[Round "1"]
1.d4 d6
2.c4 e5
3.dxe5 dxe5
4.Qd1xd8 Kxd8
5.Nb1c3 Bc8e6
6.e4 Bf8b4
7.Bc1d2 c6
8.O-O-O Ke7
9.Ng1f3 f6
10.Nc3a4 Bb4xd2
11.Rd1xd2 Nb8d7
12.Bf1e2 b6
13.Rh1d1 Ng8h6
14.h3 Nh6f7
15.Nf3h4 Rh8d8
16.Nh4f5 Be6xf5
17.exf5 Nd7c5
18.Na4xc5 bxc5
19.Rd2d3 Rd8xd3
20.Rd1xd3 Nf7d6
21.Rd3f3 a5
22.b3 g6
23.fxg6 hxg6
24.h4 f5
25.Rf3g3 Kf6
26.Rg3d3 Ke7
27.h5 gxh5
28.Be2xh5 Ra8h8
29.g4 fxg4
30.Bh5xg4 Rh8h1
31.Kb2 Rh1h4
32.f3 e4
33.Rd3e3 Kf6
34.Ka3 exf3
35.Bg4xf3 a4
36.Bf3xc6 axb3
37.axb3 Rh4h2
38.Re3d3 Nd6f5
39.Rd3d5 Rh2h7
40.Rd5xc5 Rh7a7
41.Bc6a4 Nf5d4
42.Rc5d5 { resign }
1-0

[Event "Match"]
[Site "www.echecsemail.com"]
[Date "2017.05.18"]
[Round "1"]
[White "Ditto"]
[Black "Orae"]
[WhiteElo "1680"]
[BlackElo "1710"]
[Result "1-0"]
[Round "1"]
1.e4 e5
2.Ng1f3 Nb8c6
3.Bf1c4 h6
4.Nb1c3 Ng8f6
5.d4 Bf8b4
6.O-O Bb4xc3
7.bxc3 Qd8e7
8.a4 Nf6xe4
9.Bc1b2 b6
10.Rf1e1 Ne4d6
11.Bc4b3 O-O
12.dxe5 Nd6f5
13.Bb3d5 Bc8b7
14.c4 Nc6a5
15.Qd1d3 g6
16.Qd3c3 Kh7
17.e6 dxe6
18.Bd5xb7 Na5xb7
19.Nf3d4 Ra8d8
20.Nd4xf5 { resign }
1-0

[Event "Match"]
[Site "www.echecsemail.com"]
[Date "2017.05.18"]
[Round "1"]
[White "Bojan"]
[Black "Ssharp"]
[WhiteElo "2000"]
[BlackElo "2320"]
[Result "0-1"]
[Round "1"]
1.e4 e5
2.Ng1f3 Nb8c6
3.Nb1c3 Ng8f6
4.Bf1c4 Bf8c5
5.a3 d6
6.h3 O-O
7.d3 h6
8.Nc3a4 Bc5b6
9.Na4xb6 axb6
10.Nf3h2 Nc6d4
11.c3 Nd4e6
12.g3 c6
13.b4 b5
14.Bc4b3 b6
15.Bc1e3 c5
16.Nh2g4 Kh8
17.Kd2 c4
18.Bb3c2 Bc8b7
19.f3 Nf6d7
20.d4 exd4
21.cxd4 d5
22.e5 f5
23.Ng4xh6 gxh6
24.Be3xh6 Rf8g8
25.Kc3 Rg8xg3
26.Bc2xf5 Nd7xe5
27.Rh1f1 Ne5d3
28.Bf5g4 Ne6xd4
29.Bh6e3 Nd4c6
30.Be3g1 Qd8f6
{ resign }
0-1

[Event "Match"]
[Site "www.echecsemail.com"]
[Date "2017.05.18"]
[Round "1"]
[White "Caspito"]
[Black "Sonny1000"]
[WhiteElo "1900"]
[BlackElo "1420"]
[Result "1-0"]
[Round "1"]
1.e4 e5
2.Ng1f3 Nb8c6
3.Bf1c4 Qd8f6
4.O-O d6
5.c3 Nc6a5
6.Bc4d5 c6
7.Qd1a4 Qf6d8
8.b4 Bc8d7
9.bxa5 cxd5
10.Qa4b4 Qd8f6
11.Qb4xb7 Ra8c8
12.Qb7xa7 dxe4
13.Nf3e1 Ng8e7
14.d3 Rc8d8
15.dxe4 g5
16.Bc1b2 Qf6f4
17.Kh1 Qf4xe4
18.Rf1g1 Qe4e2
19.Qa7b6 Qe2xf2
20.Qb6xf2 { resign }
1-0

[Event "Match"]
[Site "www.echecsemail.com"]
[Date "2017.05.18"]
[Round "1"]
[White "Carazo"]
[Black "Fangshuo"]
[WhiteElo "1680"]
[BlackElo "2060"]
[Result "0-1"]
[Round "1"]
1.e4 c5
2.Ng1f3 e6
3.Nb1c3 d5
4.exd5 exd5
5.Qd1e2 Bf8e7
6.d4 Ng8f6
7.Bc1f4 O-O
8.O-O-O c4
9.g3 a6
10.Rd1e1 Nb8c6
11.Nf3e5 Nc6xd4
12.Qe2e3 Be7c5
13.Qe3d2 Nd4f3
14.Ne5xf3 b5
15.Bf4e3 Bc5xe3
16.fxe3 b4
17.Nc3e2 Qd8a5
18.Kb1 Nf6e4
19.Qd2c1 b3
20.a3 bxc2
21.Qc1xc2 Bc8f5
22.Qc2c1 Ne4d2
23.Ka2 Nd2xf3
24.Re1d1 Nf3e5
25.Ne2d4 Bf5e4
26.Rh1g1 Ra8b8
27.Qc1c3 Qa5xc3
28.bxc3 Ne5f3
29.Nd4xf3 Be4xf3
30.Rd1d2 Rb8b3
31.Rd2c2 Rf8b8
32.Bf1h3 Bf3e4
33.Rc2f2 Rb3xc3
34.Rg1f1 Rb8b3
35.Rf2xf7 Rc3c2
36.Ka1 Rb3xa3
37.Kb1 Rc2a2
38.Kc1 Ra2a1
39.Kb2 c3
{ resign }
0-1

[Event "Match"]
[Site "www.echecsemail.com"]
[Date "2017.05.18"]
[Round "1"]
[White "Pwain"]
[Black "Chessington"]
[WhiteElo "2410"]
[BlackElo "1859"]
[Result "0-1"]
[Round "1"]
1.e4 e6
2.d4 d5
3.Nb1c3 Bf8b4
4.e5 c5
5.a3 Bb4xc3
6.bxc3 Ng8e7
7.Qd1g4 O-O
8.Bf1d3 f5
9.exf6 Rf8xf6
10.Bc1g5 Rf6f7
11.Qg4h5 g6
12.Qh5d1 Qd8a5
13.Ng1f3 c4
14.Bd3e2 Nb8c6
15.Qd1d2 Ne7f5
16.Nf3e5 Nc6xe5
17.dxe5 h6
18.Bg5f6 Kh7
19.O-O Bc8d7
20.g4 Nf5d6
21.exd6 Rf7xf6
22.f4 Qa5b6
23.Qd2d4 Ra8f8
24.Ra1b1 Qb6xd4
25.cxd4 b6
26.c3 Rf6xf4
27.Rf1xf4 Rf8xf4
28.Kg2 g5
29.h3 Kg7
30.Be2f3 Rf4f8
31.Bf3d1 Rf8d8
32.a4 Bd7c6
33.a5 b5
{ resign }
0-1

[Event "Match"]
[Site "www.echecsemail.com"]
[Date "2017.05.18"]
[Round "1"]
[White "Motorhead99"]
[Black "Mrynmryn"]
[WhiteElo "1770"]
[BlackElo "1770"]
[Result "1-0"]
[Round "1"]
1.d4 d5
2.e3 Ng8f6
3.Bf1d3 e6
4.f4 c5
5.c3 c4
6.Bd3c2 Bf8e7
7.Nb1d2 O-O
8.Ng1f3 Nb8d7
9.Nf3e5 Nd7xe5
10.fxe5 Nf6d7
11.O-O b5
12.Qd1h5 g6
13.Qh5g4 Rf8e8
14.e4 Bc8b7
15.exd5 Bb7xd5
16.Nd2e4 a5
17.Bc1h6 f5
18.exf6 Nd7xf6
19.Ne4xf6 Be7xf6
20.Bc2xg6 Re8e7
21.Rf1xf6 Qd8d7
22.Bg6e8 Re7g7
23.Bh6xg7 Qd7xg7
24.Be8f7 Kh8
25.Qg4xg7 Kxg7
26.Rf6f1 { resign }
1-0

[Event "Match"]
[Site "www.echecsemail.com"]
[Date "2017.05.18"]
[Round "1"]
[White "Gambitmiau"]
[Black "Carazo"]
[WhiteElo "1940"]
[BlackElo "1680"]
[Result "1-0"]
[Round "1"]
1.e4 e5
2.d4 exd4
3.c3 dxc3
4.Bf1c4 Qd8e7
5.Nb1xc3 Nb8c6
6.Ng1f3 h6
7.O-O b6
8.Rf1e1 Bc8b7
9.Nc3d5 Qe7d6
10.e5 Qd6g6
11.Nd5xc7 Kd8
12.Nc7xa8 Bb7xa8
13.Bc4xf7 Qg6xf7
14.e6 Qf7e7
15.Qd1d5 Ng8f6
16.Qd5f5 d6
17.Bc1f4 g5
18.Bf4xd6 Qe7g7
19.Ra1d1 Nc6e7
20.Bd6e5 Ke8
21.Qf5xf6 Qg7xf6
22.Be5xf6 Ba8xf3
23.gxf3 Rh8g8
24.Bf6xe7 Bf8xe7
25.Rd1d7 Be7b4
26.Re1d1 Rg8g6
27.e7 Bb4xe7
28.Rd7xa7 g4
29.Kg2 gxf3
30.Kxf3 Rg6f6
31.Ke2 Be7c5
32.Rd1d7 Rf6xf2
33.Ke1 Rf2xh2
34.Rd7b7 Bc5f2
35.Kf1 b5
36.Ra7a8 { resign }
1-0

[Event "Match"]
[Site "www.echecsemail.com"]
[Date "2017.05.18"]
[Round "1"]
[White "Winston"]
[Black "Silent1"]
[WhiteElo "1810"]
[BlackElo "1940"]
[Result "1-0"]
[Round "1"]
1.e4 e5
2.Ng1f3 d6
3.d4 exd4
4.Nf3xd4 Bf8e7
5.Nb1c3 Ng8f6
6.Bc1f4 O-O
7.Bf1c4 Nb8c6
8.Nd4xc6 bxc6
9.O-O Bc8e6
10.Bc4xe6 fxe6
11.e5 dxe5
12.Bf4xe5 Qd8xd1
13.Rf1xd1 Rf8c8
14.h3 Nf6d5
15.a3 Be7d6
16.Be5xd6 cxd6
17.Nc3e4 Rc8d8
18.c4 Nd5f4
19.Rd1xd6 Rd8xd6
20.Ne4xd6 Ra8b8
21.b4 Kf8
22.c5 Ke7
23.Kh2 Nf4d3
24.f3 Nd3e5
25.f4 Ne5d3
26.Kg3 Nd3b2
27.Kf3 Nb2d3
28.Ke3 Nd3b2
29.g4 Nb2a4
30.Kd4 Na4b6
31.Ra1e1 Nb6c8
32.Nd6xc8 Rb8xc8
33.f5 Rc8d8
34.Kc3 g6
35.Re1xe6 Kd7
36.Re6d6 Kc7
37.Rd6xd8 Kxd8
38.f6 Ke8
39.Kd4 Kf7
40.g5 h6
41.h4 hxg5
42.hxg5 Ke6
43.a4 { resign }
1-0

[Event "Match"]
[Site "www.echecsemail.com"]
[Date "2017.05.18"]
[Round "1"]
[White "Motorhead99"]
[Black "Biggles"]
[WhiteElo "1860"]
[BlackElo "2060"]
[Result "1/2-1/2"]
[Round "1"]
1.d4 d5
2.e3 Ng8f6
3.Bf1d3 Nb8c6
4.f4 Bc8g4
5.Ng1f3 e6
6.c3 Bf8d6
7.Nb1d2 O-O
8.O-O Bg4xf3
9.Qd1xf3 Nc6e7
10.g4 Ne7g6
11.h3 Nf6e4
12.Nd2xe4 dxe4
13.Bd3xe4 c6
14.Bc1d2 Qd8c7
15.Be4c2 Ng6e7
16.e4 Qc7b6
17.e5 Bd6b8
18.Qf3e4 Ne7g6
19.b3 c5
20.dxc5 Qb6xc5
21.Bd2e3 Qc5xc3
22.Ra1d1 Bb8c7
23.Bc2b1 Ra8d8
24.Rd1c1 Qc3a5
25.Be3c5 Bc7b6
26.Bc5xb6 Qa5xb6
27.Kh1 Rd8d2
28.Rc1c2 Rf8d8
29.Rc2xd2 Rd8xd2
30.f5 exf5
31.gxf5 Ng6f8
32.e6 fxe6
33.f6 Qb6d8
34.fxg7 Kxg7
35.Qe4e5 Kg8
36.Rf1g1 Nf8g6
37.Qe5xe6 Kg7
38.Bb1xg6 hxg6
39.Qe6e5 Qd8f6
40.Qe5c7 Kh6
41.Qc7c1 Qf6f4
42.Rg1g2 g5
43.Qc1a1 Rd2xg2
44.Qa1h8 Kg6
45.Qh8g8 Kh6
46.Qg8h8 { draw }
1/2-1/2

[Event "Match"]
[Site "www.echecsemail.com"]
[Date "2017.05.18"]
[Round "1"]
[White "Fangshuo"]
[Black "Motorhead99"]
[WhiteElo "2070"]
[BlackElo "1770"]
[Result "1-0"]
[Round "1"]
1.e4 d6
2.d4 Ng8f6
3.Nb1c3 Nb8d7
4.Ng1f3 e5
5.dxe5 dxe5
6.Bf1c4 Bf8c5
7.Bc4xf7 Kxf7
8.Nf3g5 Kf8
9.Ng5e6 { resign }
1-0

[Event "Match"]
[Site "www.echecsemail.com"]
[Date "2017.05.18"]
[Round "1"]
[White "Ketchuplover"]
[Black "Chapi"]
[WhiteElo "1790"]
[BlackElo "2120"]
[Result "0-1"]
[Round "1"]
1.e4 c5
2.Ng1f3 Nb8c6
3.c3 d6
4.Bf1e2 g6
5.d4 cxd4
6.Nf3xd4 Bf8g7
7.O-O Ng8f6
8.Bc1e3 Nf6xe4
9.f3 Ne4f6
10.Nb1d2 O-O
11.Nd2b3 Nf6d5
12.Qd1d2 Nd5xe3
13.Qd2xe3 Qd8b6
14.Nd4c2 Qb6xe3
15.Nc2xe3 a6
16.Ra1d1 Bc8e6
17.Be2c4 Be6xc4
18.Ne3xc4 b5
19.Nc4e3 a5
20.Ne3d5 b4
21.Rf1f2 e6
22.Nd5c7 Ra8c8
23.Nc7b5 d5
24.cxb4 axb4
25.Nb3d4 Nc6xd4
26.Nb5xd4 Rc8c4
27.Rf2d2 Rf8a8
28.a3 bxa3
29.bxa3 Ra8xa3
{ resign }
0-1

[Event "1/64 Finale"]
[Site "www.chess-mail.com"]
[Date "2017.05.18"]
[Round "1"]
[White "Pdebonis"]
[Black "Redabond"]
[WhiteElo "2590"]
[BlackElo "1660"]
[Result "1-0"]
[Round "1"]
1.e4 e5
2.Ng1f3 Nb8c6
3.Bf1b5 a6
4.Bb5a4 Bf8c5
5.c3 d6
6.d4 exd4
7.cxd4 Bc5b4
8.Bc1d2 Bb4xd2
9.Nb1xd2 Bc8d7
10.O-O Ng8f6
11.Rf1e1 O-O
12.Ra1c1 Nc6e7
13.Ba4c2 d5
14.e5 Nf6g4
15.Bc2d3 c6
16.h3 Ng4h6
17.Nd2b3 f6
18.Nb3c5 Qd8b6
19.Nc5xd7 Qb6xb2
20.exf6 Rf8d8
21.Re1xe7 gxf6
22.Nf3h4 Qb2xa2
23.Bd3xh7  { time }
1-0

[Event "1/64 Finale"]
[Site "www.chess-mail.com"]
[Date "2017.05.18"]
[Round "1"]
[White "Sorento"]
[Black "Mitja"]
[WhiteElo "2430"]
[BlackElo "1990"]
[Result "1-0"]
[Round "1"]
1.e4 d5
2.exd5 Qd8xd5
3.Nb1c3 Qd5e6
4.Bf1e2 c6
5.Ng1f3 h6
6.d4 Qe6g4
7.O-O Qg4g6
8.Nf3e5 Qg6d6
9.Nc3e4 Qd6d5
10.Be2f3 Qd5d8
11.Bf3h5 Bc8e6
12.Ne4c5 Qd8c8
13.Nc5xe6 Qc8xe6
14.Bh5xf7 { resign }
1-0